|
|
|
|
| LEADER |
00000nam a2200000 a 4500 |
| 005 |
20111220103415.0 |
| 007 |
cr|||| |||| |
| 008 |
110210s2010 spc 100 0 spa c |
| 017 |
|
|
|a DL SE. 8645-2010
|
| 020 |
|
|
|a 9788476989517
|
| 035 |
|
|
|a 6038
|
| 040 |
|
|
|d vLex
|
| 080 |
|
|
|a 340.12
|
| 090 |
|
|
|c 2846
|d 2846
|
| 245 |
0 |
0 |
|a Globalizacin̤ y derechos humanos
|h [Recurso electrn̤ico] :
|b Seminario Permanente de Derecho Humanos Antonio Marzal : XIV sesin̤ /
|c coords., Enric R. Bartlett, Mara̕ Dolores Bardaj ̕; Luis de Sebastiǹ ... [et al.]
|
| 256 |
|
|
|a Servicio en ln̕ea
|
| 260 |
|
|
|a Barcelona :
|b Jose Mara̕ Bosch,
|c 2010
|
| 300 |
|
|
|a 1 recurso electrn̤ico
|
| 506 |
1 |
|
|a Contenido solo disponible en los productos indicados
|d vLex Global
|d vLex Global (Academic Edition, excluding Law Schools)
|d vLex Global (U.S. Academic Edition, Law Schools)
|d vLex Global (U.S. Academic Edition, excluding Law Schools)
|d vLex Global (Academic Edition, Law Schools)
|
| 650 |
0 |
4 |
|a Globalizacin̤
|
| 650 |
0 |
4 |
|a Derechos humanos (Derecho internacional)
|
| 700 |
1 |
|
|a Bartlett i Castell,̉ Enric R.
|
| 700 |
1 |
|
|a Bardaj ̕Gl̀vez, M® Dolores
|
| 700 |
1 |
|
|a Sebastiǹ, Luis de,
|d 1934-2009
|
| 710 |
2 |
|
|a Escola Superior D'administraci ̤i Direcci ̤d'Empreses.
|b Facultat de Dret
|
| 711 |
2 |
|
|a Seminario Permanente de Derechos Humanos Antonio Marzal
|n (14na sessi ̤:
|d 2008)
|
| 740 |
0 |
|
|a vLex Libros (Servicio en ln̕ea)
|
| 830 |
|
0 |
|a ESADE. Facultad de Derecho ;
|v 18
|
| 856 |
4 |
0 |
|u http://vlex.com/source/globalizacion-y-derechos-humanosc-6038
|z Acceso restringido
|
| 942 |
|
|
|c BOOK
|
| 999 |
0 |
|
|a International law
|
| 999 |
0 |
|
|a Globalization
|